| 000 | 02238cam a22006014i 4500 | ||
|---|---|---|---|
| 003 | PE-LiUPU | ||
| 005 | 20250731170452.0 | ||
| 008 | 150706s2009 sp rb 000 0 spa d | ||
| 035 | _a(Sirsi) a50098 | ||
| 040 |
_aPE-LiUPU _bspa _cPE-LiUPU _dPE-LiUPU _erda |
||
| 049 | _aPRUA | ||
| 082 | 0 | 4 |
_a155.64633 _bM26 _221 |
| 100 | 1 |
_aMartín, Katharina, _eautor. |
|
| 245 | 1 | 0 |
_aMadre separada : _bcómo superan las mujeres con hijos la separación / _cKatharina Martin, Barbara Schervier-Legewie,. |
| 264 | 1 |
_a[Bilbao] : _bDesclée de Brouwer , _c2009. |
|
| 300 |
_a201 páginas ; _c22 centímetros |
||
| 336 |
_atext _2rdacontent |
||
| 337 |
_aunmediated _2rdamedia |
||
| 338 |
_avolume _2rdacarrier |
||
| 490 | 0 | _aAmae | |
| 504 | _aIncluye bibiografía. | ||
| 505 | 0 | _aDel arte de (no) romper el álbum de fotos familiar -- Mi hijo, tu hijo. ¿Y qué paz con Marie? -- Las madres pueden con todo -- Mamá educa a todo el mundo, ¿Sobre todo a su ex? -- Las lágrimas de cocodrilo de los padres separados -- ¡Igualito al padre! ¿Mejor que no sea así? -- Menos mamá es a veces más -- Nuevo amor, ¿Nueva vida? -- Mirar hacia el futuro. | |
| 526 | _aSEG68 | ||
| 526 | _aSEG70 | ||
| 526 | _aSEG69 | ||
| 526 | _aSEG67 | ||
| 526 | _aSEG43 | ||
| 526 | _aP144 | ||
| 526 | _aP143 | ||
| 526 | _aP131 | ||
| 526 | _aP122 | ||
| 526 | _aP120 | ||
| 526 | _aP117 | ||
| 526 | _aP112 | ||
| 526 | _aP110 | ||
| 526 | _aP106 | ||
| 526 | _aP101 | ||
| 526 | _aP80 | ||
| 526 | _aP59 | ||
| 526 | _aP54 | ||
| 526 | _aP35 | ||
| 526 | _aP33 | ||
| 526 | _aP30 | ||
| 541 | _g001-003364; | ||
| 650 | 0 | 4 |
_aMadres solteras _xPsicología. |
| 700 | 1 |
_aSchervier-Legewie, Barbara, _eautor. |
|
| 910 | _agl20110906 | ||
| 942 |
_2ddc _cBOOK |
||
| 949 |
_a155.64633 M26 _wDEWEY _c1 _i63597 _lCCODEBUL1 _mBUL _p41.00 _r0 _sY _tLIBRO _u2015-07-06 _xSALUD _PP33 _o.STAFF. Colección Ciencias de la Salud |
||
| 994 |
_aC0 _bPEPRU |
||
| 596 | _a1 | ||
| 999 |
_a155.64633 M26 _wDEWEY _c52503 _i63597 _d52503 _e2016-10-11 _f2021-11-3 _g5 _lCCODEBUL1 _mBUL _n1 _p41.00 _r0 _sY _tBOOK _u2015-7-6 _xSALUD _zP33 _0COMPRA _o.STAFF. Colección Ciencias de la Salud |
||
| 980 |
_81 _gALBERTO SANCHEZ Responsable de Automatización |
||